| 000 | 01498nam a22002777a 4500 | ||
|---|---|---|---|
| 999 |
_c559 _d559 |
||
| 003 | OSt | ||
| 005 | 20220613134743.0 | ||
| 008 | 180226b xxu||||| |||| 00| 0 spa d | ||
| 020 | _a9505082118 | ||
| 040 | _cPJ | ||
| 100 |
_9616 _aMiller, Jonathan M. |
||
| 245 | 1 | 0 |
_aConstitución y poder político : _bjurisprudencia de la Corte Suprema y técnicas para su interpretación / _cJonathan M. Miller, María Angélica Gelli, Susana Cayuso. |
| 260 |
_aBuenos Aires : _bAstrea, _c1992. |
||
| 300 |
_a2 v. _c23 cm. |
||
| 505 |
_aCapitulo I
1. Control de constitucionalidad.
Capitulo II
1. Justiciabilidad
Capitulo III
1. Jurisdicción de la corte suprema.
2. Jurisdicción Ordinaria.
3. Jurisdicción por apelación por poderes.
4. Recurso Ordinario.
5. Recurso Extraordinario.
6. Acción de Amparo.
7. Restricciones Legislativas a la competencia de la Corte Suprema.
8. La constitucionalidad de la jurisdicción militar.
_rJONATHAN M. MILLER- MARÍA ANGÉLICA GELLI- SUSANA CAYUSO _tCONSTITUCIÓN Y PODER POLÍTICO |
||
| 650 | 0 |
_aDERECHO CONSTITUCIONAL _9178 |
|
| 650 | 0 |
_aCONTROL DE CONSTITUCIONALIDAD _9755 |
|
| 650 | 0 |
_aSISTEMA FEDERAL _9479 |
|
| 650 | 0 |
_aJERARQUIA CONSTITUCIONAL _9757 |
|
| 650 | 0 |
_aINDEPENDENCIA DEL PODER JUDICIAL _9756 |
|
| 650 | 0 |
_aCORTE SUPREMA DE JUSTICIA DE LA NACION _9822 |
|
| 650 | 0 |
_aFALLOS DE LA CORTE SUPREMA _9699 |
|
| 700 |
_9617 _aGelli, María Angélica |
||
| 700 |
_9618 _aCayuso, Susana G. |
||
| 942 |
_2udc _cLIB _h342.565 _iMIL |
||